| 000 | 00000nas 2200000zi 4500 |
| 001 | 9.954395 |
| 003 | CaOODSP |
| 005 | 20250911171715 |
| 006 | m o d f |
| 007 | cr cn |||||||| |
| 008 | 250822c20159999onchr p o f0###b0fre|d |
| 020 | |z9780660234526|z9780660281803|z9780660444123 |
| 022 | |a2819-6058 |
| 040 | |aCaOODSP|bfre|erda|cCaOODSP |
| 043 | |an-cn--- |
| 086 | 1 |aIu186-6F-PDF|zIu188-113/3-2015F-PDF|zIu188-113/3-2018F-PDF|zIu188-113/3-2022F-PDF |
| 222 | 0|aProfil des PME. Les industries touristiques au Canada |
| 245 | 00|aProfil des PME. |pLes industries touristiques au Canada / |cDirection générale de la petite entreprise, Direction de la recherche et de l'analyse. |
| 246 | 30|aIndustries touristiques au Canada |
| 264 | 1|aOttawa (Ontario) Canada : |bIndustrie Canada = Industry Canada, |c[2015]- |
| 310 | |aTriennal |
| 336 | |atexte|btxt|2rdacontent/fre |
| 337 | |ainformatique|bc|2rdamedia/fre |
| 338 | |aressource en ligne|bcr|2rdacarrier/fre |
| 362 | 1 |aParaît depuis : Mars 2015. |
| 500 | |aPublié aussi en anglais sous le titre : SME profile. Tourism industries in Canada. |
| 550 | |aPublié par : Innovation, sciences et développement économique Canada, Direction générale du tourisme, 2018- |
| 588 | |aDescription d'après : Mars 2015. |
| 588 | |aDernière livraison consultée : 2020. |
| 650 | 6|aPetites et moyennes entreprises|zCanada|vStatistiques|vPériodiques. |
| 650 | 6|aPetites et moyennes entreprises|zCanada|xFinances|vPériodiques. |
| 650 | 6|aTourisme|zCanada|vPériodiques. |
| 655 | 7|aStatistiques|2rvmgf |
| 655 | 7|aPériodiques|2rvmgf |
| 710 | 1 |aCanada. |bIndustrie Canada, |eorganisme de publication. |
| 710 | 1 |aCanada. |bDirection générale de la petite entreprise. |bDirection de recherche et analyse, |eorganisme de publication. |
| 710 | 1 |aCanada. |bInnovation, sciences et développement économique Canada, |eorganisme de publication. |
| 775 | 08|tSME profile. |w(CaOODSP)9.954396 |